Alle Hauptbahnhöfe Deutschlands - Statistiken

Allgemein
  • Dieses Quiz wurde 516 mal gespielt
    193 seit der letzten Aktualisierung
  • Das Durchschnittsergebnis liegt bei 73 aus 134
Antwortstatistiken
Bundesland Hauptbahnhof % Korrekt
Baden-Württemberg Stuttgart Hauptbahnhof
99%
Bayern München Hauptbahnhof
94%
Bremen Bremen Hauptbahnhof
93%
Hessen Frankfurt (Main) Hauptbahnhof
93%
Hamburg Hamburg Hauptbahnhof
93%
Berlin Berlin Hauptbahnhof
91%
Bayern Nürnberg Hauptbahnhof
91%
Nordrhein-Westfalen Köln Hauptbahnhof
90%
Nordrhein-Westfalen Düsseldorf Hauptbahnhof
88%
Nordrhein-Westfalen Dortmund Hauptbahnhof
87%
Rheinland-Pfalz Mainz Hauptbahnhof
87%
Sachsen Dresden Hauptbahnhof
86%
Thüringen Erfurt Hauptbahnhof
86%
Sachsen Leipzig Hauptbahnhof
86%
Niedersachsen Hannover Hauptbahnhof
85%
Baden-Württemberg Karlsruhe Hauptbahnhof
85%
Baden-Württemberg Mannheim Hauptbahnhof
85%
Brandenburg Potsdam Hauptbahnhof
85%
Bayern Augsburg Hauptbahnhof
84%
Nordrhein-Westfalen Essen Hauptbahnhof
84%
Schleswig-Holstein Kiel Hauptbahnhof
84%
Sachsen-Anhalt Magdeburg Hauptbahnhof
82%
Nordrhein-Westfalen Aachen Hauptbahnhof
81%
Baden-Württemberg Freiburg (Breisgau) Hauptbahnhof
81%
Mecklenburg-Vorpommern Rostock Hauptbahnhof
81%
Mecklenburg-Vorpommern Schwerin Hauptbahnhof
81%
Baden-Württemberg Ulm Hauptbahnhof
81%
Nordrhein-Westfalen Duisburg Hauptbahnhof
80%
Nordrhein-Westfalen Bonn Hauptbahnhof
79%
Saarland Saarbrücken Hauptbahnhof
78%
Bremen Bremerhaven Hauptbahnhof
77%
Hessen Wiesbaden Hauptbahnhof
77%
Sachsen-Anhalt Halle (Saale) Hauptbahnhof
75%
Hessen Kassel Hauptbahnhof
75%
Nordrhein-Westfalen Bielefeld Hauptbahnhof
74%
Nordrhein-Westfalen Bochum Hauptbahnhof
74%
Niedersachsen Braunschweig Hauptbahnhof
74%
Bayern Fürth (Bayern) Hauptbahnhof
74%
Schleswig-Holstein Lübeck Hauptbahnhof
74%
Nordrhein-Westfalen Münster (Westfalen) Hauptbahnhof
74%
Niedersachsen Wolfsburg Hauptbahnhof
74%
Brandenburg Cottbus Hauptbahnhof
72%
Bayern Regensburg Hauptbahnhof
72%
Nordrhein-Westfalen Wuppertal Hauptbahnhof
72%
Baden-Württemberg Heidelberg Hauptbahnhof
71%
Bayern Würzburg Hauptbahnhof
71%
Nordrhein-Westfalen Gelsenkirchen Hauptbahnhof
70%
Rheinland-Pfalz Koblenz Hauptbahnhof
70%
Hessen Darmstadt Hauptbahnhof
69%
Sachsen Chemnitz Hauptbahnhof
68%
Nordrhein-Westfalen Hamm (Westfalen) Hauptbahnhof
68%
Bayern Ingolstadt Hauptbahnhof
68%
Nordrhein-Westfalen Mönchengladbach Hauptbahnhof
68%
Niedersachsen Osnabrück Hauptbahnhof
68%
Rheinland-Pfalz Trier Hauptbahnhof
67%
Brandenburg Brandenburg Hauptbahnhof
66%
Thüringen Gera Hauptbahnhof
66%
Bayern Aschaffenburg Hauptbahnhof
65%
Baden-Württemberg Heilbronn Hauptbahnhof
64%
Nordrhein-Westfalen Paderborn Hauptbahnhof
64%
Hessen Offenbach (Main) Hauptbahnhof
62%
Niedersachsen Oldenburg Hauptbahnhof
62%
Rheinland-Pfalz Ludwigshafen (Rhein) Hauptbahnhof
60%
Bayern Passau Hauptbahnhof
59%
Nordrhein-Westfalen Hagen Hauptbahnhof
58%
Rheinland-Pfalz Kaiserslautern Hauptbahnhof
58%
Nordrhein-Westfalen Krefeld Hauptbahnhof
58%
Nordrhein-Westfalen Oberhausen Hauptbahnhof
58%
Sachsen Zwickau Hauptbahnhof
58%
Baden-Württemberg Pforzheim Hauptbahnhof
57%
Nordrhein-Westfalen Siegen Hauptbahnhof
57%
Bayern Bayreuth Hauptbahnhof
56%
Bayern Hof Hauptbahnhof
56%
Baden-Württemberg Aalen Hauptbahnhof
55%
Hessen Hanau Hauptbahnhof
55%
Baden-Württemberg Tübingen Hauptbahnhof
55%
Mecklenburg-Vorpommern Stralsund Hauptbahnhof
54%
Nordrhein-Westfalen Solingen Hauptbahnhof
52%
Rheinland-Pfalz Worms Hauptbahnhof
52%
Saarland Homburg (Saar) Hauptbahnhof
50%
Saarland Saarlouis Hauptbahnhof
50%
Niedersachsen Emden Hauptbahnhof
48%
Niedersachsen Hildesheim Hauptbahnhof
48%
Sachsen-Anhalt Dessau Hauptbahnhof
47%
Nordrhein-Westfalen Recklinghausen Hauptbahnhof
46%
Nordrhein-Westfalen Gütersloh Hauptbahnhof
44%
Nordrhein-Westfalen Mülheim (Ruhr) Hauptbahnhof
44%
Baden-Württemberg Reutlingen Hauptbahnhof
44%
Nordrhein-Westfalen Witten Hauptbahnhof
44%
Nordrhein-Westfalen Bottrop Hauptbahnhof
42%
Nordrhein-Westfalen Neuss Hauptbahnhof
41%
Bayern Schweinfurt Hauptbahnhof
41%
Bayern Kempten (Allgäu) Hauptbahnhof
40%
Bayern Landshut (Bayern) Hauptbahnhof
40%
Thüringen Eisenach Hauptbahnhof
38%
Rheinland-Pfalz Bingen (Rhein) Hauptbahnhof
37%
Saarland Neunkirchen (Saar) Hauptbahnhof
37%
Rheinland-Pfalz Neustadt (Weinstraße) Hauptbahnhof
37%
Sachsen-Anhalt Lutherstadt Wittenberg Hauptbahnhof
36%
Nordrhein-Westfalen Remscheid Hauptbahnhof
35%
Rheinland-Pfalz Pirmasens Hauptbahnhof
34%
Rheinland-Pfalz Zweibrücken Hauptbahnhof
34%
Rheinland-Pfalz Speyer Hauptbahnhof
33%
Rheinland-Pfalz Landau (Pfalz) Hauptbahnhof
32%
Sachsen-Anhalt Stendal Hauptbahnhof
32%
Nordrhein-Westfalen Castrop-Rauxel Hauptbahnhof
29%
Brandenburg Eberswalde Hauptbahnhof
26%
Mecklenburg-Vorpommern Neustrelitz Hauptbahnhof
25%
Baden-Württemberg Sinsheim (Elsenz) Hauptbahnhof
25%
Nordrhein-Westfalen Wanne-Eickel Hauptbahnhof
25%
Nordrhein-Westfalen Rheydt Hauptbahnhof
23%
Rheinland-Pfalz Frankenthal Hauptbahnhof
21%
Baden-Württemberg Lörrach Hauptbahnhof
21%
Sachsen-Anhalt Wernigerode Hauptbahnhof
21%
Bayern Berchtesgaden Hauptbahnhof
19%
Nordrhein-Westfalen Eschweiler Hauptbahnhof
18%
Nordrhein-Westfalen Lünen Hauptbahnhof
17%
Rheinland-Pfalz Wittlich Hauptbahnhof
17%
Sachsen-Anhalt Naumburg (Saale) Hauptbahnhof
16%
Baden-Württemberg Weinheim (Bergstraße) Hauptbahnhof
16%
Thüringen Arnstadt Hauptbahnhof
15%
Rheinland-Pfalz Boppard Hauptbahnhof
15%
Bayern Deggendorf Hauptbahnhof
15%
Sachsen Döbeln Hauptbahnhof
15%
Baden-Württemberg Freudenstadt Hauptbahnhof
15%
Nordrhein-Westfalen Stolberg (Rheinland) Hauptbahnhof
14%
Nordrhein-Westfalen Gevelsberg Hauptbahnhof
13%
Sachsen-Anhalt Merseburg Hauptbahnhof
13%
Baden-Württemberg Bad Friedrichshall Hauptbahnhof
12%
Sachsen-Anhalt Bernburg Hauptbahnhof
12%
Hessen Korbach Hauptbahnhof
11%
Thüringen Sonneberg (Thüringen) Hauptbahnhof
11%
Sachsen-Anhalt Thale Hauptbahnhof
9%
Baden-Württemberg Öhringen Hauptbahnhof
5%
Keine übereinstimmenden Quizze gefunden
Verteilung der Resultate
Anzahl Personen mit jedem Resultat
Perzentil nach korrekt beantworteten Fragen
Ihre Resultats-Entwicklung
Sie haben dieses Quiz seit der letzten Aktualisierung nicht gespielt